Missing Word: #1 Hits of 1978 Quiz Stats

 Plays Quiz Updated Aug 14, 2015

Challenge
Share
Tweet
Embed
Score 0/18 Timer 03:00
0 Plays Today
#1 Hit Song Missing Word % Correct
_____ AliveStayin'
97.6%
You're the One That I _____Want
95.5%
_____ Times a LadyThree
93.5%
If I Can't _____ YouHave
88.9%
Too Much, Too _____, Too LateLittle
88.4%
_____ Oogie OogieBoogie
88%
(Love Is) _____ Than WaterThicker
87.2%
You Don't Bring Me _____Flowers
79.2%
Baby _____ BackCome
77.8%
#1 Hit Song Missing Word % Correct
MacArthur _____Park
76.9%
Night _____Fever
69.7%
Le _____Freak
63.8%
_____ You All OverKiss
61.7%
Shadow _____Dancing
57.2%
With a Little _____Luck
55.8%
Hot _____ in the CityChild
48.3%
Miss _____You
37.8%
You _____ MeNeeded
33%

Today's Daily Dose

Word Ladder
King of the...

Quick Pick
The Doors Songs

On This Day
August 17th II

You're not logged in!

Compare scores with friends on all Sporcle quizzes.
Join for Free
OR
Log In

You Might Also Like...

Show Comments

Extras

Top Quizzes Today


Score Distribution

Your Account Isn't Verified!

In order to create a playlist on Sporcle, you need to verify the email address you used during registration. Go to your Sporcle Settings to finish the process.

Report this User

Report this user for behavior that violates our Community Guidelines.

Details: